|
|
|
|
| LEADER |
00000nam a2200000 a 4500 |
| 001 |
vtls001357810 |
| 003 |
SK-MaSNL |
| 005 |
20260301114959.0 |
| 008 |
240314s1933 xx 0 und |
| 035 |
|
|
|a SNK000311319
|
| 040 |
|
|
|a SNK
|b slo
|c SNK
|e AACR2
|
| 100 |
1 |
|
|a Ripka, Hubert,
|d 1895-1958
|4 aut
|9 132541
|
| 245 |
1 |
0 |
|a Patnáct let československé demokracie
|
| 260 |
|
|
|a Praha
|b Svaz národního osvobození
|c 1933
|
| 300 |
|
|
|a 51 s.
|
| 999 |
|
|
|c 720504
|d 722434
|
| 952 |
|
|
|a SNK
|b SNK
|y PREZ
|7 0
|p 17A0478338
|o snkSD 38903
|i snkF 1032/67
|0 0
|1 0
|4 0
|d 2005-07-12
|l 0
|r 2026-02-23 21:58:15
|w 2026-02-23
|
| 952 |
|
|
|a SNK
|b SNK
|y VYP
|7 0
|p 17A0478333
|o snkSD 38903 D1
|i snkD 1257/69
|0 0
|1 0
|4 0
|d 2005-07-12
|l 0
|r 2026-02-23 21:58:15
|w 2026-02-23
|